000 01154nam a22003377a 4500
003 CHAP
005 20220329143722.0
008 110406s1984 us a r 00010 eng d
010 _a100867
011 _a101839
020 _a0941942198
035 _a112527
040 _cCHAP
082 0 4 _a581.634
_bH16
100 1 _aHalstead, Bruce W.
_952392
245 1 0 _aEleutherococcus senticosus :
_bsiberian ginseng an introduction to the concept of adaptogenic medicine
_c/por Bruce W. Halstead y Loretta L. Hood
260 _aLong Beach, Ca. :
_bOriental Healing Arts Institute,
_c1984
300 _a94 p. :
_bilus.
590 _aBATCH-UPD
_b10
_c20130110
_lUCH01
_h1137
590 _aBATCH-UPD
_b10
_c20130410
_lUCH01
_h0724
590 _aBATCH-UPD
_b10
_c20130914
_lUCH01
_h0744
590 _aCONVERSION
_b10
_c20130109
_lUCH01
_h1356
650 1 4 _aBotánica médica.
_914680
650 1 4 _aGinseng.
_948090
650 1 4 _aMedicina tradicional.
_973921
650 1 4 _aTerapéutica fisiológica.
_9112346
700 1 _aHood, Loretta L.
_956155
901 _aBK
942 _cLIBRO
949 _a581.634 H16
_bBC
_cLIBRO
_d33724002236538
_eLIBRO
_h114618
_i112527
_sb
999 _c100867
_d100867